It isn't a joke.

Bibliographic Details
Main Author: Cassel, A. J.
Format: Microform Book
Language:English
Published: [Spring City, Pa.] : [publisher not identified], [1896]

MARC

Tag First Indicator Second Indicator Subfields
LEADER 00000cam a2200000 a 4500
001 in00000752002
005 20151016092844.0
007 hd afa014baca
008 800519s1896 tuu a 00011 eng d
035 |a (OCoLC)06333913 
035 |9 ADH6700AM 
040 |a FTU  |c FTU  |d LWS  |d UtOrBLW 
049 |a TXAI 
090 |a PS15 
099 |a film  |a B  |a 1551 
100 1 |a Cassel, A. J. 
245 1 0 |a It isn't a joke. 
264 1 |a [Spring City, Pa.] :  |b [publisher not identified],  |c [1896] 
300 |a 16 pages 
336 |a text  |b txt  |2 rdacontent 
337 |a microform  |b h  |2 rdamedia 
338 |a microfilm reel  |b hd  |2 rdacarrier 
500 |a Cover-title. 
500 |a Authorship attributed to A.J. Cassel by Wright (v. III, C-9, number 938) and the National Union Catalog, Pre 56 Suppl. 
533 |a Microfilm.  |b Woodbridge, Conn. :  |c Research Publications,  |d 1970-1978.  |e 1 microfilm reel ; 35 mm.  |f (Wright American fiction ; v. 3 (1876-1900), reel C-9, no. 938) 
500 |a Microform. 
999 |a MARS 
999 f f |s 9cae5059-6bc6-38b7-a0a3-dd3d68da9588  |i 756f9e53-c2cd-3b33-a57e-a591a1b92002  |t 0 
952 f f |p default  |a Texas A&M University  |b College Station  |c Sterling C. Evans Library  |d Evans: Microforms (3rd floor)  |t 0  |e film B 1551 v.3 reel C-9 no. 938  |h Other scheme  |i microform -- microfilm reel 
998 f f |a film B 1551 v.3 reel C-9 no. 938  |t 0  |l Evans: Microforms (3rd floor)